Garth Brooks- Standing Outside the Fire Lyrics - Statistics

General Stats
  • This quiz has been taken 17 times
  • The average score is 176 of 252
Answer Stats
Answer % Correct
a
100%
I
100%
that
100%
That
100%
The
100%
the
100%
them
100%
Those
100%
We
100%
call
89%
fire
89%
go
89%
it
89%
out
89%
outside
89%
stand
89%
Standing
89%
standing
89%
strong
89%
to
89%
weak
89%
Who
89%
who
89%
And
78%
and
78%
do
78%
if
78%
If
78%
is
78%
never
78%
on
78%
show
78%
so
78%
you
78%
be
67%
by
67%
get
67%
have
67%
let
67%
Life
67%
merely
67%
no
67%
not
67%
ones
67%
all
56%
alone
56%
can
56%
can't
56%
flame
56%
living
56%
resist
56%
survived
56%
this
56%
tried
56%
will
56%
world
56%
you're
56%
always
44%
being
44%
burned
44%
chance
44%
exist
44%
face
44%
fall
44%
fly
44%
fools
44%
getting
44%
hearts
44%
it's
44%
of
44%
own
44%
scars
44%
tables
44%
their
44%
when
44%
abide
33%
are
33%
burning
33%
comes
33%
Constantly
33%
consumed
33%
control
33%
Convinced
33%
cool
33%
dance
33%
deep
33%
desire
33%
for
33%
forsake
33%
higher
33%
in
33%
love
33%
might
33%
my
33%
shame
33%
slightest
33%
sorrow
33%
soul
33%
take
33%
They're
33%
turned
33%
unable
33%
walking
33%
Wanting
33%
wire
33%
with
33%
within
33%
yearning
33%
But
22%
giving
22%
hell-bent
22%
risk
22%
seem
22%
There's
22%
Cause
11%
enough
11%
got
11%
just
11%
tough
11%
you've
11%
No matching quizzes found
Score Distribution
Percent of People with Each Score
Percentile by Number Answered
Your Score History
You have not taken this quiz